| 000 | 00556nam a2200181Ia 4500 | ||
|---|---|---|---|
| 005 | 20250423095240.0 | ||
| 008 | 250422s9999 xx 000 0 und d | ||
| 020 | _a9781673826 | ||
| 050 | _aHC 1055.Z9 .S23/ | ||
| 100 | _aEdited by, Sada, P.O.and F.O. Odemerho. | ||
| 245 | 0 | _aEnvironmental issues and management in Nigerian development | |
| 260 | _aIbadan, Nigeria | ||
| 260 | _bEvans Brothers (Nigeria Publishers) Ltd., | ||
| 260 | _c1988 | ||
| 300 | _a409 p | ||
| 650 | _aEnvironmental policy--Nigeria. Nigeria--Economic policy. | ||
| 942 | _cBK | ||
| 999 |
_c29696 _d29696 |
||